Los juegos y el deporte en el desarrollo psicológico del niño

Gespeichert in:
Bibliographische Detailangaben
1. Verfasser: Linaza, Josetxu (autor)
Weitere Verfasser: Maldonado López, Antonio (autor)
Format: Buch
Sprache:Spanisch
Veröffentlicht: Barcelona Anthropos 1987
Schriftenreihe:Autores, Textos y Temas. Psicología, 4
Schlagworte:
Tags: Tag hinzufügen
Keine Tags, Fügen Sie den ersten Tag hinzu!

MARC

LEADER 00000nam a2200000 a 4500
001 UCW5681
003 CL-VaPUC
008 910723e19870000SP |||||||||||||||||spa|d
082 0 4 |a 155.412  |b LIN  |2 21 
100 |a Linaza, Josetxu  |e autor  |9 316672 
700 |a Maldonado López, Antonio  |e autor  |9 468407 
245 1 4 |a Los juegos y el deporte en el desarrollo psicológico del niño 
300 |a 188 p 
942 |c BK 
945 |d 19910723 00:00:00 
260 |a Barcelona  |b Anthropos  |c 1987 
650 0 |a Psicología del niño  |9 307305 
650 0 |a Desarrollo infantil  |9 308064 
650 0 |a Deportes  |9 224367 
583 |a last modification  |c 20130106 11:06:41  |k Rodrigo Vera 
490 0 |a Autores, Textos y Temas. Psicología, 4 
999 |c 219025  |d 219023